Podnikateľské prostredie v Slovenskej republike - súčasný stav a perspektívy V zborník z vedeckej konferencie
Guardado en:
| Autores Corporativos: | , |
|---|---|
| Otros Autores: | , , |
| Formato: | Libro |
| Lenguaje: | eslovaco checo |
| Publicado: |
Bratislava
Vydavateľstvo EKONÓM
2003
|
| Materias: | |
| Etiquetas: |
Sin Etiquetas, Sea el primero en etiquetar este registro!
|
MARC
| LEADER | 00000nam a2200000 4500 | ||
|---|---|---|---|
| 001 | 0229410 | ||
| 005 | 20240318114058.0 | ||
| 020 | |a 80-225-1734-8 | ||
| 041 | 0 | |a slo | |
| 041 | 0 | |a cze | |
| 044 | |a SK | ||
| 245 | 1 | 0 | |a Podnikateľské prostredie v Slovenskej republike - súčasný stav a perspektívy V |b zborník z vedeckej konferencie |c kolektív |
| 264 | 1 | |a Bratislava |b Vydavateľstvo EKONÓM |c 2003 | |
| 300 | |a 183 s. | ||
| 610 | 2 | 0 | |a podnikanie |
| 610 | 2 | 0 | |a prostredie podnikateľské |
| 610 | 2 | 0 | |a podnik malý |
| 610 | 2 | 0 | |a podnik stredný |
| 610 | 2 | 0 | |a kontroling |
| 610 | 2 | 0 | |a Slovensko |
| 700 | 1 | |a Šúbertová, Elena | |
| 700 | 1 | |a Floreková, Slavka, 1975- | |
| 700 | 1 | |a Satková, Blanka | |
| 110 | 2 | |a Podnikateľské prostredie v Slovenskej republike - súčasný stav a perspektívy V.. Vedecká konferencia | |
| 710 | 2 | |a Fakulta podnikového manažmentu EU. Katedra podnikovohospodárska | |